Normal view
MARC view
- Résilience (Trait de personnalité)
Entry Topical Term
001 - CONTROL NUMBER
- control field: 94715
003 - CONTROL NUMBER IDENTIFIER
- control field: NUST
005 - DATE AND TIME OF LATEST TRANSACTION
- control field: 20220723182952.0
008 - FIXED-LENGTH DATA ELEMENTS
- fixed length control field: 220723|| aca||aabn | a|a d
040 ## - CATALOGING SOURCE
- Original cataloging agency: NUST
- Transcribing agency: NUST
150 ## - HEADING--TOPICAL TERM
- Topical term or geographic name entry element: Résilience (Trait de personnalité)
670 ## - SOURCE DATA FOUND
- Source citation: Work cat.: (NUST)0: Okorafor, Nnedi, author. 94711, Broken places & outer spaces :
